| 000 | 00675nam a2200253Ia 4500 | ||
|---|---|---|---|
| 003 | OSt | ||
| 005 | 20221007104630.0 | ||
| 006 | a|||||r|||| 00| 0 | ||
| 007 | ta | ||
| 008 | 221006b |||||||| |||| 00| 0 eng d | ||
| 024 | _a16,410 | ||
| 037 | _cTextual | ||
| 040 |
_aLCO _cLCO _beng |
||
| 041 |
_2eng _aeng |
||
| 082 | _aZ73v,5, K8 | ||
| 100 |
_aLudwig Carl _9695295 |
||
| 245 | 0 | _aHistory of Continental Criminal Law | |
| 260 |
_aNew _bYork Augustus M. Kelley U.S.A. _c1968 |
||
| 300 | _a561 | ||
| 490 | _vVol-66 | ||
| 650 |
_aCONTINENTAL CRIMINAL LAW _9706161 |
||
| 942 |
_hZ73v,5, K8 _cTEXL |
||
| 999 |
_c1185973 _d1185973 |
||